| 000 | 00874aab a2200205 i 4500 | ||
|---|---|---|---|
| 001 | 768714001 | ||
| 003 | CO-MdFUSB | ||
| 005 | 20240424134707.0 | ||
| 008 | 220822t2005 ck |||| |||| 00| 0 spa d | ||
| 040 |
_bspa _cCO-MdFUSB |
||
| 041 | _aspa | ||
| 100 | 1 |
_aSegura C., Harold _eautor |
|
| 245 | 1 | 0 |
_aEspiritualidad y misión _b: dos palabras distintas y un solo sentido verdadero. Apuntes Mujer Líder _c/ Harold Segura C. |
| 300 |
_aVolumen 22, número 3 (abril - junio, 2005), páginas: 8 - 9 _c; 27 cm |
||
| 520 | _aEspiritualidad y misión son dos caras de una misma moneda. No resulta suficiente decir que son dos aspectos complementarios, sino que son indisolubles. | ||
| 650 | 0 |
_aVida cristiana _919 |
|
| 653 | _aespiritualidad | ||
| 773 | 0 |
_tApuntes Pastorales _049442 _960138 _gVolumen 22, número 3 (abril - junio, 2005), páginas: 8 - 9 _qpagina: 8 |
|
| 942 | _cANA | ||
| 999 |
_c60971 _d60971 |
||